Fundamental concepts in the design of experiments

Saved in:
Bibliografiske detaljer
Main Authors: Hicks, Charles R (Author), Turner, Kenneth V (Author)
Format: Bog
Sprog:engelsk
Udgivet: Nueva York Oxford University Press 1999
Udgivelse:5a. ed
Fag:
Tags: Tilføj Tag
Ingen Tags, Vær først til at tagge denne postø!

MARC

LEADER 00000nam a2200000 a 4500
001 UCP6740
003 CL-VaPUC
008 991112e19990000US |||||||||||||||||eng|d
082 0 4 |a 001.434  |b HIC  |2 21 
100 0 |a Hicks, Charles R  |e author  |9 435982 
700 0 |a Turner, Kenneth V  |e author  |9 435983 
245 1 0 |a Fundamental concepts in the design of experiments 
250 |a 5a. ed 
300 |a 565 p 
942 |c BK 
945 |d 19991112 00:00:00  |a vberengu 
260 |a Nueva York  |b Oxford University Press  |c 1999 
650 7 |a DISEÑO ESTADISTICO  |2 CL-VaPUC  |9 324713 
650 0 |a Métodos experimentales   |9 310218 
650 0 |a Modelos matemáticos   |9 259437 
650 7 |a REGRESION  |2 CL-VaPUC  |9 435984 
583 |a last modification  |c 19991112 00:00:00  |k Rodrigo Vera 
999 |c 284184  |d 284182 
952 |0 0  |1 0  |4 0  |6 001_434000000000000_HIC_1999  |7 0  |8 A  |9 327959  |a BIBGIM  |b BIBGIM  |d 2019-11-20  |i 3575446  |o 001.434 HIC 1999  |p 3575446  |r 2025-01-15  |w 2019-11-20  |y BK  |k EST